| 000 | 00923cam a2200277 a 4500 | ||
|---|---|---|---|
| 999 |
_c8811 _d8811 |
||
| 003 | OSt | ||
| 005 | 20210204130955.0 | ||
| 008 | 101209s2011 nyua b 000 0 eng | ||
| 010 | _a 2010052061 | ||
| 016 | 7 |
_a015701518 _2Uk |
|
| 020 | _a9781568988702 (alk. paper) | ||
| 020 | _a1568988702 (alk. paper) | ||
| 035 | _a(OCoLC)ocn664674798 | ||
| 082 | 0 | 0 |
_a720.28WER _222 |
| 100 | 1 | _aWerner, Megan. | |
| 245 | 1 | 0 |
_aModel making / _cMegan Werner. |
| 250 | _a1st ed. | ||
| 260 |
_aNew York : _bPrinceton Architectural Press, _cc2011. |
||
| 300 |
_a159 p. : _bill. (chiefly col.) ; _c22 cm. |
||
| 490 | 1 | _aThe architecture brief series | |
| 504 | _aIncludes bibliographical references (p. 157). | ||
| 505 | 0 | _aConcept blocks -- Materials -- Tools -- Applied technologies -- Tips and techniques -- Architectural concepts -- Models. | |
| 650 | 0 | _aArchitectural models. | |
| 830 | 0 | _aArchitecture briefs. | |
| 942 | _2ddc | ||